Internet vecí - fenomén súčasnosti

Internet vecí ako nový typ internetu, ktorý nespája ľudí, ale bežné veci, ktoré nás obklopujú. Definícia pojmu. Príklady využitia internetu vecí vo firmách, v spoločnosti, v životnom prostredí, automatizácii domácností a budov. Internet vecí a súkromie používateľov.

Saved in:
Bibliographic Details
Main Author: Cárachová, Magdaléna
Format: Book Chapter
Language:English
Subjects:
Tags: Add Tag
No Tags, Be the first to tag this record!

MARC

LEADER 00000nla a2200000 4500
001 0242289
005 20240502083650.3
041 0 |a eng 
044 |a CZ 
245 1 0 |a Internet vecí - fenomén súčasnosti  |c Magdaléna Cárachová 
520 |a Internet vecí ako nový typ internetu, ktorý nespája ľudí, ale bežné veci, ktoré nás obklopujú. Definícia pojmu. Príklady využitia internetu vecí vo firmách, v spoločnosti, v životnom prostredí, automatizácii domácností a budov. Internet vecí a súkromie používateľov. 
610 2 0 |a priemysel 4.0 
610 2 0 |a internet 
610 2 0 |a technológie informačné 
610 2 0 |a technológie komunikačné 
610 2 0 |a technológie nové 
610 2 0 |a komunikácia 
610 2 0 |a inovácia 
610 2 0 |a inovácie technologické 
610 2 0 |a podnik 
610 2 0 |a automatizácia 
610 2 0 |a prostredie životné 
100 1 |a Cárachová, Magdaléna